| 000 | 01104nam a22003015i 4500 | ||
|---|---|---|---|
| 001 | 10629 | ||
| 003 | ES-MaACL | ||
| 005 | 20250822055648.0 | ||
| 007 | t| | ||
| 008 | 920512s1993 sp ||||0| spa j | ||
| 020 | _a84-239-3836-0 | ||
| 040 |
_aM-BN _bspa _cM-BN |
||
| 080 | _a860-82"19" | ||
| 100 | 1 |
_aHernández, Miguel, _d1910-1942 _962844 |
|
| 245 | 1 | 0 |
_aObra completa / _cMiguel Hernández ; edición crítica de Agustín Sánchez Vidal y José Carlos Rovira, con la colaboración de Carmen Alemany. |
| 250 | _a2ª ed. | ||
| 260 |
_aMadrid : _bEspasa-Calpe, _c1993. |
||
| 300 |
_a2 v. (2793 p.) : _bil ; _c22 cm. |
||
| 490 | 1 | _aClásicos castellanos. Nueva serie | |
| 504 | _aBibliografía: v. 2, p. [2763]-2793. | ||
| 505 | 8 | _a1. Poesía 2. Teatro, prosas, correspondencia | |
| 700 | 1 |
_aSánchez Vidal, Agustín. _9102983 |
|
| 700 | 0 |
_aRovira, José Carlos, _d1949- _9100129 |
|
| 700 | 1 |
_aAlemany Bay, Carmen. _919731 |
|
| 830 | 0 | 0 |
_aClásicos castellanos. _pNueva serie (Espasa-Calpe) _9178821 |
| 852 |
_aES-MaACL _jL-18019-20 _bR.123012 |
||
| 999 |
_c10629 _d10629 |
||